000 01164nam a22002777a 4500
005 20240530110359.0
008 150118s2010 ua of g 000 0 ara d
017 _a2009/20295
_bمصر . دار الكتب المصرية
020 _a9789776276949
040 _aEG-CaGPL
041 0 _aara
082 0 4 _221
_a954\
_bل ح
100 1 _aلوبون ، غوستاف
245 1 0 _aحضارات الهند :
_bكتاب مصور يشتمل على 186 صورة وخريطتين وفق وثائق المؤلف و تصويره الشمسى و رسمه و تخطيطه /
_cتاليف غوستاف لوبون ؛ نقله الى العربية عادل زعيتر
250 _aط 1
260 _aالقاهرة :
_bدار العالم العربى ،
_c2010
300 _a731 ص :
_bايض ؛
_c24 سم
651 0 4 _aالهند
_xتاريخ
651 0 4 _aالديانات الهندية القديمة
651 0 4 _aالهند
_xعادات وتقاليد
651 0 4 _aالهند
_xجغرافيا
651 0 4 _aالهند
_xوصف و رحلات
700 0 _aعادل زعيتر
_eمترجم
942 _2ddc
_cBK
999 _c60229
_d60229